|
|
|
|
| LEADER |
00000nab a2200000 a 4500 |
| 001 |
vtls000220082 |
| 003 |
SK-MaSNL |
| 005 |
20260302213242.0 |
| 008 |
111130c1985 xo 0 slo |
| 015 |
|
|
|a SNBRB19rr/mm-uuuuu
|
| 035 |
|
|
|a CL0230196
|
| 040 |
|
|
|a SNKBUCL
|b slo
|c SNKBUCL
|e AACR2
|
| 041 |
0 |
|
|a slo
|
| 044 |
|
|
|a xo
|c SK
|
| 080 |
|
|
|a 631.348:632.934.1
|2 1981
|
| 080 |
|
|
|a 632.934.1
|2 1981
|
| 100 |
1 |
|
|a Bušík, Vladimír
|4 aut
|9 572692
|
| 245 |
1 |
0 |
|a Vývoj postrekovačov
|b Technika pre ochranu rastlín
|c Vladimír Bušík
|
| 650 |
0 |
7 |
|a technika poľnohospodárska
|2 snkbucl
|9 849424
|
| 650 |
0 |
7 |
|a postrekovače agrochemikálií
|2 snkbucl
|9 938942
|
| 655 |
|
7 |
|a články z novín a časopisov
|2 snkbucl
|9 267496
|
| 773 |
0 |
|
|t Roľnícke noviny
|g Roč. 40, č. 166 (17. 7. 1985), s. 4
|
| 850 |
|
|
|a Slovenská národná knižnica v Martine
|a MTA001
|
| 852 |
|
|
|a SNK
|b KIS3GCP
|
| 958 |
|
|
|a RK
|
| 992 |
|
|
|a RBX
|
| 999 |
|
|
|c 1492839
|d 1494769
|